000 00411nam a2200169Ia 4500
008 220531s9999 xx 000 0 und d
041 _aeng
082 _bPAL
100 _aPalkhiwala, N. A.
_939111
245 _aIndias Priceless Heritage
260 _bBhartiy vidya bhaven
_c1995
300 _a48
542 _d30-06-1998
650 _aGenral
_939112
906 _d1998-1999
999 _c23623
_d23623